Making Ireland British, 1580-1650 /

Bibliographic Details
Main Author: Canny, Nicholas P.
Format: Book
Language:English
Published: Oxford ; New York : Oxford University Press, 2001.
Subjects:
Online Access:Table of Contents

MARC

Tag First Indicator Second Indicator Subfields
LEADER 00000cam a2200000 a 4500
001 in00002012504
005 20151031145324.0
008 001107s2001 enk b b 001 0 eng
010 |a  00065226  
020 |a 0198200919 (acid-free paper) 
035 |a (OCoLC)ocm45466134 
040 |a DLC  |c DLC  |d TXA  |d UtOrBLW 
043 |a e-ie---  |a e-uk--- 
049 |a TXAM 
050 0 0 |a DA940  |b .C26 2001 
082 0 0 |a 941.505  |2 21 
100 1 |a Canny, Nicholas P. 
245 1 0 |a Making Ireland British, 1580-1650 /  |c Nicholas Canny. 
264 1 |a Oxford ;  |a New York :  |b Oxford University Press,  |c 2001. 
300 |a xiv, 633 pages :  |b maps ;  |c 24 cm. 
336 |a text  |b txt  |2 rdacontent 
337 |a unmediated  |b n  |2 rdamedia 
338 |a volume  |b nc  |2 rdacarrier 
504 |a Includes bibliographical references (pages [579]-606) and index. 
651 0 |a Ireland  |x History  |y 17th century. 
650 0 |a British  |z Ireland  |x History  |y 17th century. 
650 0 |a British  |z Ireland  |x History  |y 16th century. 
651 0 |a Great Britain  |x Relations  |z Ireland. 
651 0 |a Ireland  |x Relations  |z Great Britain. 
651 0 |a Ireland  |x History  |y 1558-1603. 
856 4 |3 Table of Contents  |u http://www.loc.gov/catdir/toc/fy02/00065226.html  |t 0 
948 |a cataloged  |b h  |c 2005/4/4  |d c  |e dmitchel  |f 10:44:20 am 
994 |a C0  |b TXA 
999 |a MARS 
999 f f |s fbf00ef4-f457-3137-877d-38866cde8d6e  |i 043723df-b153-3f7d-934e-13565938e64b  |t 0 
952 f f |p normal  |a Texas A&M University  |b College Station  |c Sterling C. Evans Library  |d Evans: Library Stacks  |t 0  |e DA940 .C26 2001  |h Library of Congress classification  |i unmediated -- volume  |m A14832319822 
998 f f |a DA940 .C26 2001  |t 0  |l Evans: Library Stacks